Statistiques concernant Trouve les paroles - Que je t'aime - Johnny Hallyday

Cliquez ici pour prendre le quiz!

Statistiques générales

  • Ce quiz a été pris 82 fois
  • Le résultat moyen est 173 sur 240

Statistiques - réponses

Réponse% Correct
Que
98%
que
98%
ta
98%
je
96%
t'aime
96%
a
88%
de
84%
la
84%
qu'à
78%
Quand
78%
le
76%
se
75%
Se
75%
te
75%
Des
73%
des
73%
et
71%
Et
71%
tes
71%
tu
71%
Tu
71%
cheveux
69%
un
69%
aux
67%
du
67%
ton
67%
sur
65%
toi
65%
comme
63%
Comme
63%
mon
63%
on
63%
qui
63%
Qui
63%
blé
61%
champs
61%
corps
61%
fait
61%
moi
61%
Ne
61%
ne
61%
non
61%
oui
61%
pas
61%
Ressemble
61%
d'été
59%
plus
59%
soleil
59%
c'est
57%
dans
57%
dit
57%
l'amour
57%
oreiller
57%
chienne
55%
dis
55%
lumière
55%
s'étalent
55%
cheval
53%
deviens
53%
îles
53%
toute
53%
trésors
53%
bouche
51%
guerre
51%
mains
51%
dur
49%
font
49%
l'ombre
49%
yeux
49%
d'autres
47%
Dessinent
47%
doigts
47%
enfin
47%
loup
47%
mort
47%
brises
45%
chaînes
45%
cri
45%
douce
45%
l'appel
45%
montagnes
45%
pudeur
45%
encore
43%
Lourd
43%
n'osent
43%
petite
43%
sait
43%
voix
43%
bien
41%
D'un
41%
D'une
41%
forêts
41%
S'il
41%
soldat
41%
chatte
39%
existe
39%
seul
39%
voudraient
39%
coup
37%
pur
37%
sens
37%
finit
35%
n'est
35%
ciel
33%
premier
29%
soupir
29%
meurt
27%
perd
27%

Distribution des résultats

Percentile par nombre de réponses

% des personnes avec chaque résultat

Votre développement - résultats

Vous n’avez pas pris ce quiz